000 01044nam a2200265Ia 4500
003 OSt
005 20220923211512.0
006 a|||||r|||| 00| 0
007 ta
008 220922b |||||||| |||| 00| 0 kan d
020 _a9789380146775 (hbk)
_c425
024 _a279,871
037 _b20310, 22/02/2014, Prashant Book Distributors
_cTextual
040 _aARTS
_cARTS
_bkan
041 _2kan
_akan
082 _aO33,3N34,AA, 152Q3
100 _aभैरप्पा, एस. एल.; प्रधान गुरूदत्त, अनु.
_9160642
245 0 _aआवरण
246 _aĀvaraṇa
260 _aनयी दिल्ली
_b किताबघर प्रकाशन
_c2013
300 _a295पृ0
_ccm.
650 _aकन्नड़ साहित्य
_9156264
942 _hO33,3N34,AA, 152Q3
_cTEXL
_2CC
999 _c300199
_d300199